Monetary policy, inflation, and the business cycle : (Record no. 219482)

000 -LEADER
fixed length control field 01963cam a2200397 a 4500
001 - CONTROL NUMBER
control field 15058719
003 - CONTROL NUMBER IDENTIFIER
control field Nust
005 - DATE AND TIME OF LATEST TRANSACTION
control field 20180117090022.0
008 - FIXED-LENGTH DATA ELEMENTS--GENERAL INFORMATION
fixed length control field 071025s2008 njua b 001 0 eng
010 ## - LIBRARY OF CONGRESS CONTROL NUMBER
LC control number 2007044381
015 ## - NATIONAL BIBLIOGRAPHY NUMBER
National bibliography number GBA815497
Source bnb
016 7# - NATIONAL BIBLIOGRAPHIC AGENCY CONTROL NUMBER
Record control number 014513824
Source Uk
020 ## - INTERNATIONAL STANDARD BOOK NUMBER
International Standard Book Number 9780691133164 (hbk. : alk. paper)
020 ## - INTERNATIONAL STANDARD BOOK NUMBER
International Standard Book Number 0691133166 (hbk. : alk. paper)
035 ## - SYSTEM CONTROL NUMBER
System control number (OCoLC)ocn177826088
035 ## - SYSTEM CONTROL NUMBER
System control number (OCoLC)177826088
040 ## - CATALOGING SOURCE
Original cataloging agency DLC
Transcribing agency DLC
Modifying agency BAKER
-- BTCTA
-- YDXCP
-- UKM
-- C#P
-- DLC
050 00 - LIBRARY OF CONGRESS CALL NUMBER
Classification number HG230.3
Item number .G35 2008
082 00 - DEWEY DECIMAL CLASSIFICATION NUMBER
Classification number 339.5/3
Edition number 22
100 1# - MAIN ENTRY--PERSONAL NAME
Personal name Galí, Jordi,
Dates associated with a name 1961-
245 10 - TITLE STATEMENT
Title Monetary policy, inflation, and the business cycle :
Remainder of title an introduction to the new Keynesian framework /
Statement of responsibility, etc. Jordi Galí.
260 ## - PUBLICATION, DISTRIBUTION, ETC.
Place of publication, distribution, etc. Princeton, N.J. :
Name of publisher, distributor, etc. Princeton University Press,
Date of publication, distribution, etc. c2008.
300 ## - PHYSICAL DESCRIPTION
Extent xi, 203 p. :
Other physical details ill. ;
Dimensions 24 cm.
504 ## - BIBLIOGRAPHY, ETC. NOTE
Bibliography, etc. note Includes bibliographical references and index.
505 0# - FORMATTED CONTENTS NOTE
Formatted contents note Introduction -- A classical monetary model -- The basic new Keynesian model -- Monetary policy design in the basic new Keynesian model -- Monetary policy tradeoffs: discretion versus commitment -- A model with sticky wages and prices -- Monetary policy and the open economy -- Main lessons and some extensions.
650 #0 - SUBJECT ADDED ENTRY--TOPICAL TERM
Topical term or geographic name entry element Monetary policy.
650 #0 - SUBJECT ADDED ENTRY--TOPICAL TERM
Topical term or geographic name entry element Inflation (Finance)
650 #0 - SUBJECT ADDED ENTRY--TOPICAL TERM
Topical term or geographic name entry element Business cycles.
650 #0 - SUBJECT ADDED ENTRY--TOPICAL TERM
Topical term or geographic name entry element Keynesian economics.
856 41 - ELECTRONIC LOCATION AND ACCESS
Materials specified Table of contents only
Uniform Resource Identifier <a href="http://www.loc.gov/catdir/toc/ecip083/2007044381.html">http://www.loc.gov/catdir/toc/ecip083/2007044381.html</a>
906 ## - LOCAL DATA ELEMENT F, LDF (RLIN)
a 7
b cbc
c orignew
d 1
e ecip
f 20
g y-gencatlg
942 ## - ADDED ENTRY ELEMENTS (KOHA)
Source of classification or shelving scheme
Koha item type Book
Holdings
Withdrawn status Lost status Source of classification or shelving scheme Damaged status Not for loan Collection code Permanent Location Current Location Shelving location Date acquired Total Checkouts Full call number Barcode Date last seen Price effective from Koha item type Checked out Date last checked out
            Central Library (CL) Central Library (CL) General Stacks 02/10/2017   339.5/3 GAL S3H-P-191 02/10/2017 02/10/2017 Book    
            Central Library (CL) Central Library (CL) General Stacks 02/10/2017 1 339.5/3 GAL S3H-P-192 01/01/2020 02/10/2017 Book 01/31/2020 01/01/2020
© 2023 Central Library, National University of Sciences and Technology. All Rights Reserved.